000 00318nam a22001337a 4500
008 190226b xxu||||| |||| 00| 0 eng d
020 _a9780140513271
041 _aeng
080 _a910
100 _a42
101 _aGJEO
245 _aThe Pinguin Historical Atlas of North America
_cHomberger, E
942 _2udc
_cBK
999 _c54277
_d54277